[Event "Keres Memorial 43th"]
[Site "Vancouver"]
[Date "2018.05.19"]
[Round "2"]
[White "Tang, Edward"]
[Black "Yoos, John C"]
[Result "0-1"]
[WhiteElo "2022"]
[BlackElo "2316"]
[PlyCount "88"]
[EventDate "2018.05.19"]
[EventType "swiss"]
[EventRounds "6"]
[EventCountry "CAN"]
[SourceTitle "EXT 2019"]
[Source "ChessBase"]
[SourceDate "2018.10.10"]
[SourceVersion "1"]
[SourceVersionDate "2018.10.10"]
[SourceQuality "1"]

1. e4 c5 2. Nf3 e6 3. b4 cxb4 4. d4 b6 5. a3 Bb7 6. Bd3 Nf6 7. e5 Nd5 8. 0-0 Be7 9. Re1 f6 10. axb4 Nxb4 11. Bb5 0-0 12. Ba3 fxe5 13. Nxe5 Nd5 14. Bf1 Nf4 15. c4 Bxa3 16. Rxa3 Qf6 17. Qd2 d6 18. Ng4 Qf5 19. Rg3 Kh8 20. Nc3 Nc6 21. d5 exd5 22. Ne3 Qf7 23. Nexd5 Nxd5 24. Nxd5 Ne5 25. f4 Ng6 26. f5 Ne5 27. Ne3 Rad8 28. Qd4 Bc8 29. Be2 Bxf5 30. Rf1 Qd7 31. Qf4 Ng6 32. Qg5 Be4 33. Rg4 Rxf1+ 34. Bxf1 Re8 35. h4 Re5 36. Qxe5 dxe5 37. Rxe4 h5 38. Nd5 Qa4 39. Be2 Qc2 40. Bf3 a5 41. Kh2 a4 42. Re2 Qxc4 43. Nxb6 Qxh4+ 44. Kg1 Qd4+ 0-1

[Event "Victoria op Scheveningen"]
[Site "Victoria"]
[Date "2016.01.16"]
[Round "2.2"]
[White "Wu, Howard"]
[Black "Yoos, John C"]
[Result "1-0"]
[WhiteElo "2229"]
[BlackElo "2355"]
[PlyCount "67"]
[EventDate "2016.01.15"]
[EventType "schev"]
[EventRounds "5"]
[EventCountry "CAN"]
[SourceTitle "EXT 2022"]
[Source "ChessBase"]
[SourceDate "2021.10.06"]
[SourceVersion "1"]
[SourceVersionDate "2021.10.06"]
[SourceQuality "1"]

1. e4 g6 2. d4 Bg7 3. c4 d6 4. Nc3 Nf6 5. f3 0-0 6. Nge2 a6 7. Be3 c6 8. Qd2 b5 9. Ng3 Bb7 10. Be2 h5 11. 0-0 Nbd7 12. Rad1 Qc7 13. cxb5 axb5 14. Rc1 Qa5 15. b3 Rfd8 16. Rfd1 e5 17. d5 b4 18. dxc6 Bxc6 19. Qxd6 Rdc8 20. Nd5 Nxd5 21. Rxc6 Nxe3 22. Rd3 Nc5 23. Rxe3 Rxc6 24. Qxc6 Bh6 25. f4 Qa7 26. Kf1 Bxf4 27. Rf3 h4 28. Bc4 hxg3 29. hxg3 g5 30. gxf4 exf4 31. Rh3 Ne6 32. Bxe6 fxe6 33. Qxe6+ Kg7 34. Qe5+ 1-0

[Event "Richmond Keres Memorial 40th"]
[Site "Richmond"]
[Date "2015.05.17"]
[Round "3.4"]
[White "Yoos, John C"]
[Black "Pechisker, Alfred"]
[Result "1/2-1/2"]
[WhiteElo "2347"]
[BlackElo "2250"]
[PlyCount "98"]
[EventDate "2015.05.16"]
[EventType "swiss"]
[EventRounds "6"]
[EventCountry "CAN"]
[SourceTitle "EXT 2019"]
[Source "ChessBase"]
[SourceDate "2018.10.10"]
[SourceVersion "1"]
[SourceVersionDate "2018.10.10"]
[SourceQuality "1"]

1. e4 c5 2. Nf3 d6 3. d4 cxd4 4. Nxd4 Nf6 5. Nc3 a6 6. Bg5 Nbd7 7. Qe2 e6 8. f4 Qa5 9. g3 Be7 10. 0-0-0 0-0 11. Kb1 Re8 12. Bg2 Qc7 13. Rhe1 Nb6 14. e5 dxe5 15. fxe5 Nfd5 16. Bd2 Nxc3+ 17. Bxc3 Na4 18. Bd2 Bd7 19. c3 Qb6 20. Nb3 Bc6 21. Be3 Qc7 22. Qc4 Nb6 23. Bxb6 Qxb6 24. Bxc6 Rac8 25. Rd7 Rxc6 26. Qd4 Qxd4 27. Nxd4 Rb6 28. Rd1 Kf8 29. a4 a5 30. Kc2 Rb8 31. Nb3 Ra6 32. Rf1 Ke8 33. Rc7 Kd8 34. Rc4 Ke8 35. Nd4 Rd8 36. Rc7 Rb6 37. Re1 Rd7 38. Rxd7 Kxd7 39. Re4 Ra6 40. Rg4 g5 41. Nb3 Ra8 42. Rd4+ Kc6 43. Rd1 b6 44. Rf1 Rf8 45. c4 Kd7 46. Nd2 f5 47. exf6 Rxf6 48. Rxf6 Bxf6 49. Ne4 Ke7 1/2-1/2

[Event "Richmond Keres Memorial 40th"]
[Site "Richmond"]
[Date "2015.05.16"]
[Round "1.4"]
[White "Yoos, John C"]
[Black "Lister, Curtis"]
[Result "1-0"]
[WhiteElo "2347"]
[BlackElo "1960"]
[PlyCount "29"]
[EventDate "2015.05.16"]
[EventType "swiss"]
[EventRounds "6"]
[EventCountry "CAN"]
[SourceTitle "EXT 2019"]
[Source "ChessBase"]
[SourceDate "2018.10.10"]
[SourceVersion "1"]
[SourceVersionDate "2018.10.10"]
[SourceQuality "1"]

1. e4 d6 2. d4 Nf6 3. Nc3 g6 4. Be3 Bg7 5. Nf3 c6 6. Qd2 Ng4 7. Bg5 Qc7 8. h3 Nf6 9. e5 Nd5 10. Nxd5 cxd5 11. Bh6 Bxh6 12. Qxh6 Qxc2 13. Rc1 Qe4+ 14. Kd2 Bf5 15. Bb5+ 1-0

[Event "British Columbia-ch"]
[Site "Victoria"]
[Date "2014.10.12"]
[Round "4.3"]
[White "Jiganchine, Roman"]
[Black "Yoos, John C"]
[Result "1-0"]
[WhiteElo "2208"]
[BlackElo "2371"]
[PlyCount "101"]
[EventDate "2014.10.10"]
[EventType "tourn"]
[EventRounds "7"]
[EventCountry "CAN"]
[SourceTitle "EXT 2022"]
[Source "ChessBase"]
[SourceDate "2021.10.06"]
[SourceVersion "1"]
[SourceVersionDate "2021.10.06"]
[SourceQuality "1"]

1. e4 c5 2. Nf3 d6 3. d4 cxd4 4. Nxd4 Nf6 5. Nc3 Bd7 6. Bg5 e6 7. Qd2 a6 8. f3 h6 9. Be3 b5 10. 0-0-0 Qc7 11. Kb1 Qb7 12. g4 Nc6 13. Nxc6 Bxc6 14. Rg1 d5 15. e5 Nd7 16. Bd4 b4 17. Ne2 Bb5 18. f4 0-0-0 19. f5 Re8 20. fxe6 fxe6 21. Nf4 Rg8 22. Ng6 a5 23. Qf2 Be7 24. h4 Bd8 25. Qf7 Kb8 26. h5 Bg5 27. Qf2 Ka8 28. Bxb5 Qxb5 29. Rd3 Nb8 30. Bc5 Nc6 31. Bd6 Bd8 32. Rf1 Bb6 33. Qf7 Nd8 34. Qf3 Nc6 35. Qf7 Nd8 36. Qf3 Qd7 37. c4 bxc3 38. Rxc3 Nb7 39. Ba3 Rc8 40. Rfc1 d4 41. Rc6 Rxc6 42. Rxc6 Ba7 43. Nf8 Qe8 44. Nxe6 Kb8 45. Qb3 Qxc6 46. Bd6+ Kc8 47. Nxd4 Qe4+ 48. Kc1 Qe1+ 49. Kc2 Qf2+ 50. Kc1 Bxd4 51. Qe6+ 1-0

[Event "British Columbia-ch"]
[Site "Victoria"]
[Date "2014.10.12"]
[Round "5.2"]
[White "Yoos, John C"]
[Black "Sohal, Tanraj"]
[Result "1/2-1/2"]
[WhiteElo "2371"]
[BlackElo "2355"]
[PlyCount "93"]
[EventDate "2014.10.10"]
[EventType "tourn"]
[EventRounds "7"]
[EventCountry "CAN"]
[SourceTitle "EXT 2022"]
[Source "ChessBase"]
[SourceDate "2021.10.06"]
[SourceVersion "1"]
[SourceVersionDate "2021.10.06"]
[SourceQuality "1"]

1. e4 e6 2. d4 d5 3. e5 c5 4. c3 Qb6 5. Nf3 Nc6 6. a3 Nh6 7. Bd3 cxd4 8. cxd4 Bd7 9. Bc2 g6 10. Nc3 Nf5 11. Ne2 Bg7 12. g4 Nfe7 13. h3 f6 14. exf6 Bxf6 15. Rb1 0-0 16. Be3 Bg7 17. Nc3 Rxf3 18. Qxf3 Nxd4 19. Bxd4 Bxd4 20. 0-0 Rf8 21. Qe2 Qd6 22. Kg2 Qf4 23. Rbe1 Nc6 24. Qd3 Ne5 25. Qg3 Qf3+ 26. Qxf3 Nxf3 27. Rd1 g5 28. Bd3 Nh4+ 29. Kg1 Bb6 30. Be2 Ng6 31. Bb5 Bc8 32. Ne2 a6 33. Bd3 Ne5 34. Kg2 Bd7 35. b3 Bc6 36. f3 Nxd3 37. Rxd3 Bb5 38. Rd2 Be3 39. Ra2 d4 40. a4 Bc6 41. Ng3 Bd5 42. Rb2 Rc8 43. Ne4 Kg7 44. Rd1 Bc1 45. Re2 Be3 46. Rb2 Bc1 47. Re2 1/2-1/2

[Event "Richmond Keres Memorial 39th"]
[Site "Richmond"]
[Date "2014.05.18"]
[Round "3.1"]
[White "Yoos, John C"]
[Black "Lee, Vicente"]
[Result "1-0"]
[WhiteElo "2310"]
[BlackElo "2255"]
[PlyCount "67"]
[EventDate "2014.05.17"]
[EventType "swiss"]
[EventRounds "6"]
[EventCountry "CAN"]
[SourceTitle "EXT 2022"]
[Source "ChessBase"]
[SourceDate "2021.10.06"]
[SourceVersion "1"]
[SourceVersionDate "2021.10.06"]
[SourceQuality "1"]

1. e4 c5 2. Nf3 e6 3. d4 cxd4 4. Nxd4 a6 5. Bd3 Bc5 6. Nb3 Be7 7. Nc3 Nc6 8. f4 d6 9. Qf3 Nf6 10. Be3 Nb4 11. 0-0-0 Qc7 12. g4 Nxd3+ 13. cxd3 b5 14. Kb1 Bb7 15. Rc1 Qd8 16. g5 Nd7 17. Rhg1 Nc5 18. Bd4 b4 19. Ne2 Nxb3 20. axb3 Bf8 21. Qe3 a5 22. Bb6 Qb8 23. Qd4 Ba6 24. Rgd1 Bb5 25. Rc7 Ra6 26. Rdc1 Qxb6 27. Rc8+ Ke7 28. R1c7+ Bd7 29. Qxb6 Rxb6 30. Ra8 h6 31. Raa7 hxg5 32. Rxd7+ Ke8 33. Rdc7 Kd8 34. Rxf7 1-0

[Event "Richmond Keres Memorial 39th"]
[Site "Richmond"]
[Date "2014.05.17"]
[Round "2.3"]
[White "Villavieja, Butch"]
[Black "Yoos, John C"]
[Result "0-1"]
[WhiteElo "2154"]
[BlackElo "2310"]
[PlyCount "152"]
[EventDate "2014.05.17"]
[EventType "swiss"]
[EventRounds "6"]
[EventCountry "CAN"]
[SourceTitle "EXT 2022"]
[Source "ChessBase"]
[SourceDate "2021.10.06"]
[SourceVersion "1"]
[SourceVersionDate "2021.10.06"]
[SourceQuality "1"]

1. e4 c5 2. Nf3 d6 3. d4 cxd4 4. Nxd4 Nf6 5. Nc3 Bd7 6. Be2 e5 7. Nb3 Bc6 8. Bg5 Nbd7 9. Bf3 Be7 10. 0-0 0-0 11. Re1 h6 12. Be3 b5 13. Qd3 a6 14. Nd5 Nxd5 15. exd5 Bb7 16. Be4 Nf6 17. f3 Bc8 18. Rf1 Bd7 19. Rf2 Qc7 20. Nd2 Rac8 21. c3 Qb7 22. Rc1 Bd8 23. Nf1 Bb6 24. Bxb6 Qxb6 25. Qe3 Qb7 26. Ng3 Rc5 27. Rd1 Qc8 28. Bb1 Rc4 29. a3 Qc5 30. Qxc5 Rxc5 31. Rfd2 Rc7 32. Bf5 Be8 33. Bb1 g6 34. Ba2 Bd7 35. Rf1 Bc8 36. f4 e4 37. Re1 Re8 38. Rd4 Rce7 39. c4 bxc4 40. Bxc4 Bb7 41. a4 h5 42. h4 Kg7 43. Re3 a5 44. Rb3 e3 45. Ne2 Bc8 46. Bb5 Rd8 47. Rc3 Bb7 48. Bc6 Ba6 49. Bb5 Bxb5 50. axb5 Rb8 51. Rb3 Nd7 52. Rdd3 Nc5 53. Rxe3 Rxe3 54. Rxe3 Rxb5 55. Ra3 Rxb2 56. Nc3 Nb7 57. Kf1 Rb4 58. g3 Kf6 59. Kf2 Kf5 60. Ke3 Kg4 61. Ra1 Rb3 62. Kd4 Rb4+ 63. Ke3 a4 64. Nxa4 Rb3+ 65. Kd4 Kxg3 66. Nc3 Kxh4 67. Ne4 f5 68. Ng5 Kg4 69. Kc4 Rg3 70. Ra7 Nc5 71. Ne6 Ne4 72. Rg7 Kf3 73. Nd4+ Kg2 74. Ne2 Rg4 75. Kd4 h4 76. Ke3 h3 0-1

[Event "Richmond Keres Memorial 39th"]
[Site "Richmond"]
[Date "2014.05.17"]
[Round "1.3"]
[White "Yoos, John C"]
[Black "Chan, James"]
[Result "1-0"]
[WhiteElo "2310"]
[BlackElo "2040"]
[PlyCount "51"]
[EventDate "2014.05.17"]
[EventType "swiss"]
[EventRounds "6"]
[EventCountry "CAN"]
[SourceTitle "EXT 2022"]
[Source "ChessBase"]
[SourceDate "2021.10.06"]
[SourceVersion "1"]
[SourceVersionDate "2021.10.06"]
[SourceQuality "1"]

1. e4 c5 2. Nf3 d6 3. d4 cxd4 4. Nxd4 Nf6 5. Nc3 a6 6. Bg5 Nbd7 7. Qf3 e6 8. 0-0-0 Qc7 9. Qg3 Be7 10. f4 0-0 11. Bd3 Re8 12. Rhe1 g6 13. Qh4 Bd8 14. e5 dxe5 15. fxe5 Nh5 16. Nf3 h6 17. Bxd8 Qxd8 18. Qd4 Qb6 19. Qc4 Nc5 20. Bf1 Nd7 21. g4 Ng7 22. Qf4 g5 23. Qd2 Qb4 24. Re4 Qe7 25. Rd4 Nb6 26. Ne4 1-0

[Event "British Columbia-ch"]
[Site "Vancouver"]
[Date "2013.10.14"]
[Round "7.3"]
[White "Lo, Ryan"]
[Black "Yoos, John C"]
[Result "1/2-1/2"]
[WhiteElo "2198"]
[BlackElo "2381"]
[PlyCount "80"]
[EventDate "2013.10.11"]
[EventType "tourn"]
[EventRounds "7"]
[EventCountry "CAN"]
[SourceTitle "EXT 2022"]
[Source "ChessBase"]
[SourceDate "2021.10.06"]
[SourceVersion "1"]
[SourceVersionDate "2021.10.06"]
[SourceQuality "1"]

1. d4 Nf6 2. c4 e6 3. Nc3 Bb4 4. e3 0-0 5. Bd3 d5 6. Nf3 b6 7. a3 Bd6 8. cxd5 exd5 9. Qc2 Bb7 10. Nb5 Re8 11. Nxd6 Qxd6 12. 0-0 Nbd7 13. Bd2 Ne4 14. b4 a6 15. Bc3 Re6 16. Ne5 Rh6 17. f4 Re6 18. Rac1 f6 19. Bxe4 dxe4 20. Nxd7 Qxd7 21. f5 Re7 22. Qe2 Bd5 23. g4 Rf8 24. Rf4 g5 25. Rf2 h5 26. h3 Rh7 27. Rh2 Kf7 28. Be1 h4 29. Qc2 Kg8 30. a4 Qf7 31. a5 Qd7 32. Ra1 Qb5 33. Qc3 Re7 34. Rd2 Ra8 35. Rc1 Rb8 36. Ra1 Kf8 37. Ra3 Ra8 38. Qa1 Ke8 39. Qc1 Qd7 40. Qa1 b5 1/2-1/2

[Event "British Columbia-ch"]
[Site "Vancouver"]
[Date "2013.10.13"]
[Round "5.2"]
[White "Sohal, Tanraj"]
[Black "Yoos, John C"]
[Result "1/2-1/2"]
[WhiteElo "2260"]
[BlackElo "2381"]
[PlyCount "34"]
[EventDate "2013.10.11"]
[EventType "tourn"]
[EventRounds "7"]
[EventCountry "CAN"]
[SourceTitle "EXT 2022"]
[Source "ChessBase"]
[SourceDate "2021.10.06"]
[SourceVersion "1"]
[SourceVersionDate "2021.10.06"]
[SourceQuality "1"]

1. d4 Nf6 2. c4 g6 3. Nc3 Bg7 4. e4 d6 5. Nf3 0-0 6. Be2 e5 7. 0-0 Nc6 8. d5 Ne7 9. Ne1 Ne8 10. Nd3 f5 11. Bd2 Nf6 12. f3 Kh8 13. Rc1 c6 14. b4 a6 15. a4 a5 16. dxc6 Nxc6 17. b5 Nd4 1/2-1/2

[Event "British Columbia-ch"]
[Site "Vancouver"]
[Date "2013.10.11"]
[Round "1.2"]
[White "Yoos, John C"]
[Black "Cheng, Jack"]
[Result "1-0"]
[WhiteElo "2381"]
[BlackElo "2266"]
[PlyCount "37"]
[EventDate "2013.10.11"]
[EventType "tourn"]
[EventRounds "7"]
[EventCountry "CAN"]
[SourceTitle "EXT 2022"]
[Source "ChessBase"]
[SourceDate "2021.10.06"]
[SourceVersion "1"]
[SourceVersionDate "2021.10.06"]
[SourceQuality "1"]

1. e4 e5 2. f4 exf4 3. Bc4 d6 4. d4 Qh4+ 5. Kf1 Be6 6. Qd3 Bxc4 7. Qxc4 Qe7 8. Nc3 c6 9. Qe2 g5 10. h4 Bg7 11. hxg5 Bxd4 12. Bxf4 Be5 13. Bxe5 dxe5 14. Qg4 Qd7 15. Qg3 Qe6 16. Nf3 Nd7 17. Qh3 Qc4+ 18. Kf2 Ne7 19. Qxd7+ 1-0

[Event "CAN-ch op 49th"]
[Site "Victoria"]
[Date "2012.07.08"]
[Round "2"]
[White "Babb, Jeff"]
[Black "Yoos, John C"]
[Result "1/2-1/2"]
[WhiteElo "2144"]
[BlackElo "2343"]
[PlyCount "106"]
[EventDate "2012.07.08"]
[EventType "swiss"]
[EventRounds "9"]
[EventCountry "CAN"]
[SourceTitle "EXT 2014"]
[Source "ChessBase"]
[SourceDate "2013.11.20"]
[SourceVersion "1"]
[SourceVersionDate "2013.11.20"]
[SourceQuality "1"]

1. f4 c5 2. Nf3 Nc6 3. e3 g6 4. Be2 Bg7 5. 0-0 Nf6 6. d3 0-0 7. e4 d6 8. Nc3 Rb8 9. a4 a6 10. Kh1 b5 11. axb5 axb5 12. Qe1 b4 13. Nd1 Bb7 14. Ne3 Qc7 15. g4 Nd4 16. g5 Nd7 17. Bd1 f5 18. Nd5 Qd8 19. c3 bxc3 20. bxc3 Nxf3 21. Bxf3 e6 22. Ne3 fxe4 23. Bxe4 Qc7 24. Bg2 Bxg2+ 25. Nxg2 e5 26. Qe4 Nb6 27. Bd2 c4 28. fxe5 dxe5 29. Be3 cxd3 30. Rxf8+ Rxf8 31. Qxd3 Nc4 32. Qd5+ Qf7 33. Qxf7+ Rxf7 34. Ra8+ Rf8 35. Rxf8+ Bxf8 36. Kg1 Ba3 37. Kf2 Bb2 38. Ke2 Bxc3 39. Kd3 Nxe3 40. Nxe3 Bd4 41. Ng4 Kf7 42. Ke4 Ke6 43. Nh6 Bc3 44. Ng4 Bb2 45. Nf2 Bc1 46. Nd3 Bxg5 47. Nxe5 Bd8 48. Nf3 Kf6 49. Kf4 Bc7+ 50. Kg4 Bd6 51. Kh3 Kf5 52. Kg2 Bc5 53. h3 Kf4 1/2-1/2

[Event "Victoria Grand Pacific op 6th"]
[Site "Victoria"]
[Date "2012.04.08"]
[Round "5"]
[White "Yoos, John C"]
[Black "Trochtchanovitch, Pavel"]
[Result "1-0"]
[WhiteElo "2344"]
[BlackElo "2038"]
[PlyCount "73"]
[EventDate "2012.04.06"]
[EventType "swiss"]
[EventRounds "6"]
[EventCountry "CAN"]
[SourceTitle "CBM 147 Extra"]
[Source "ChessBase"]
[SourceDate "2012.04.24"]
[SourceVersion "1"]
[SourceVersionDate "2012.04.24"]
[SourceQuality "1"]

1. e4 e5 2. f4 exf4 3. Nf3 d6 4. Bc4 Nc6 5. d4 Qe7 6. 0-0 Bd7 7. Bxf4 0-0-0 8. Nc3 f6 9. Qd3 Kb8 10. a4 g5 11. Bg3 h5 12. a5 g4 13. Nh4 Qe8 14. Nd5 Bg7 15. c3 Nge7 16. Nxf6 Bxf6 17. Rxf6 Rf8 18. Rxf8 Qxf8 19. b4 Nc8 20. b5 N6e7 21. Qd2 Qg7 22. Qa2 Ng6 23. b6 Nxh4 24. bxc7+ Kxc7 25. Bxh4 Rf8 26. e5 Qh6 27. Re1 dxe5 28. dxe5 Kb8 29. e6 Bc6 30. e7 Re8 31. Bf7 Nd6 32. Bxe8 Nxe8 33. Qf2 Bd7 34. Qd4 Qc6 35. Bg3+ Ka8 36. Qe5 Qc8 37. Rd1 1-0

[Event "British Columbia-ch"]
[Site "Burnaby"]
[Date "2011.10.10"]
[Round "7.1"]
[White "Yoos, John C"]
[Black "Laceste, Loren Brigham"]
[Result "1/2-1/2"]
[WhiteElo "2417"]
[BlackElo "2158"]
[PlyCount "118"]
[EventDate "2011.10.07"]
[EventType "tourn"]
[EventRounds "7"]
[EventCountry "CAN"]
[SourceTitle "EXT 2022"]
[Source "ChessBase"]
[SourceDate "2021.10.06"]
[SourceVersion "1"]
[SourceVersionDate "2021.10.06"]
[SourceQuality "1"]

1. e4 c5 2. Nf3 Nc6 3. d4 cxd4 4. Nxd4 Qb6 5. Nb3 Nf6 6. Nc3 e6 7. Bd3 d6 8. Be3 Qc7 9. f4 Be7 10. Qf3 a6 11. g4 b6 12. g5 Nd7 13. 0-0-0 Bb7 14. Rhf1 0-0-0 15. Qf2 Kb8 16. Kb1 Rdf8 17. h4 h5 18. Qe2 Nb4 19. f5 Nc5 20. fxe6 fxe6 21. Rxf8+ Bxf8 22. Rf1 g6 23. Bd4 e5 24. Bxc5 dxc5 25. Bc4 b5 26. Bf7 c4 27. Nd2 Bc5 28. a3 Nc6 29. Nd5 Nd4 30. Nxc7 Nxe2 31. Nd5 Bxd5 32. exd5 Nf4 33. Ne4 Bb6 34. Nf6 Kc8 35. d6 Bd8 36. d7+ Kc7 37. Be8 Kd6 38. b3 cxb3 39. cxb3 Rf8 40. Rd1+ Ke6 41. Rc1 Kf5 42. Rc8 Ne6 43. Rc6 Nd4 44. Rxa6 e4 45. Kc1 e3 46. Kd1 e2+ 47. Kd2 Bc7 48. Nd5 Kg4 49. Rf6 Rxf6 50. gxf6 Bg3 51. d8Q e1Q+ 52. Kd3 Kf3 53. Kxd4 Bf2+ 54. Kd3 Qb1+ 55. Kc3 Qe1+ 56. Kc2 Qe4+ 57. Kc1 Qe1+ 58. Kc2 Qe4+ 59. Kc1 Qe1+ 1/2-1/2

[Event "British Columbia-ch"]
[Site "Burnaby"]
[Date "2011.10.09"]
[Round "4.3"]
[White "Pechisker, Alfred"]
[Black "Yoos, John C"]
[Result "1-0"]
[WhiteElo "2293"]
[BlackElo "2417"]
[PlyCount "155"]
[EventDate "2011.10.07"]
[EventType "tourn"]
[EventRounds "7"]
[EventCountry "CAN"]
[SourceTitle "EXT 2022"]
[Source "ChessBase"]
[SourceDate "2021.10.06"]
[SourceVersion "1"]
[SourceVersionDate "2021.10.06"]
[SourceQuality "1"]

1. d4 Nf6 2. c4 g6 3. Nc3 Bg7 4. e4 d6 5. f3 0-0 6. Bg5 Nc6 7. Nge2 a6 8. d5 Na5 9. Nd4 c5 10. Nc2 Rb8 11. Qd2 Bd7 12. Bh6 Bxh6 13. Qxh6 b5 14. b3 bxc4 15. bxc4 e5 16. Bd3 Nh5 17. g3 Bh3 18. Ke2 Bd7 19. Rab1 Qc7 20. Kd2 Rfc8 21. f4 exf4 22. gxf4 Qd8 23. Qg5 f6 24. Qh4 f5 25. Qf2 fxe4 26. Nxe4 Bf5 27. Ng3 Bxd3 28. Kxd3 Qh4 29. Rbf1 Rf8 30. Nxh5 Qxh5 31. Ne3 Qh3 32. Rhg1 Rfe8 33. Rg3 Qd7 34. f5 Qe7 35. Qf4 Rf8 36. f6 Qe5 37. Qxe5 dxe5 38. Rg5 Rb6 39. Ng4 e4+ 40. Kc3 Nb7 41. h4 Kh8 42. h5 gxh5 43. Rxh5 Nd8 44. Re5 Nf7 45. Rxe4 Rb4 46. Re6 Ra4 47. Rf2 Ra3+ 48. Kb2 Ra4 49. Kb3 Rb4+ 50. Kc3 Rb1 51. Ne3 Ng5 52. Re7 Rb6 53. Ng4 Rb1 54. Rf4 Nf7 55. Re6 Rc1+ 56. Kd2 Rb1 57. Rxa6 h5 58. Ne3 Kh7 59. a4 Kg6 60. Rc6 Rh8 61. Rxc5 h4 62. Rg4+ Kxf6 63. Rc6+ Ke7 64. Nf5+ Kd8 65. Rxh4 Rg8 66. Rh7 Ng5 67. Rd6+ Kc8 68. Ne7+ Kc7 69. Rc6+ Kb8 70. Nxg8 Nxh7 71. a5 Ra1 72. a6 Ng5 73. Nf6 Ra3 74. d6 Nf3+ 75. Kc1 Ne5 76. Rb6+ Ka7 77. d7 Rd3 78. Nd5 1-0

[Event "British Columbia-ch"]
[Site "Burnaby"]
[Date "2011.10.07"]
[Round "1.4"]
[White "Yoos, John C"]
[Black "Sohal, Tanraj"]
[Result "1/2-1/2"]
[WhiteElo "2417"]
[BlackElo "2186"]
[PlyCount "76"]
[EventDate "2011.10.07"]
[EventType "tourn"]
[EventRounds "7"]
[EventCountry "CAN"]
[SourceTitle "EXT 2022"]
[Source "ChessBase"]
[SourceDate "2021.10.06"]
[SourceVersion "1"]
[SourceVersionDate "2021.10.06"]
[SourceQuality "1"]

1. e4 c5 2. Nf3 Nc6 3. d4 cxd4 4. Nxd4 Nf6 5. Nc3 e5 6. Ndb5 d6 7. Bg5 a6 8. Na3 b5 9. Bxf6 gxf6 10. Nd5 Bg7 11. Bd3 Ne7 12. Nxe7 Qxe7 13. 0-0 0-0 14. c4 f5 15. Qf3 bxc4 16. Nxc4 d5 17. exd5 e4 18. Qe3 Bb7 19. d6 Qf6 20. Bc2 f4 21. Qh3 Qd4 22. b3 f5 23. Rad1 Qc5 24. b4 Qa7 25. Na5 Kh8 26. Kh1 Rac8 27. d7 Rcd8 28. Bb3 Qb6 29. a3 Ba8 30. Qh4 e3 31. fxe3 fxe3 32. Nc4 Qc6 33. Nxe3 Qc3 34. Rxf5 Qxe3 35. Rxf8+ Rxf8 36. d8Q Bxg2+ 37. Kxg2 Qf3+ 38. Kg1 Qe3+ 1/2-1/2

[Event "British Columbia op"]
[Site "Richmond"]
[Date "2011.08.01"]
[Round "5"]
[White "Yoos, John C"]
[Black "Chan, James"]
[Result "1/2-1/2"]
[WhiteElo "2373"]
[BlackElo "1988"]
[PlyCount "114"]
[EventDate "2011.07.30"]
[EventType "swiss"]
[EventRounds "6"]
[EventCountry "CAN"]
[SourceTitle "EXT 2014"]
[Source "ChessBase"]
[SourceDate "2013.11.20"]
[SourceVersion "1"]
[SourceVersionDate "2013.11.20"]
[SourceQuality "1"]

1. e4 c5 2. Nf3 d6 3. d4 cxd4 4. Nxd4 Nf6 5. Nc3 a6 6. Bg5 Nbd7 7. f4 Qc7 8. Qf3 h6 9. Bh4 g5 10. fxg5 hxg5 11. Bxg5 Ne5 12. Qe2 Bg4 13. Qd2 Ned7 14. Nf3 Bg7 15. 0-0-0 0-0-0 16. Be2 Kb8 17. Nd4 Be6 18. Kb1 Rc8 19. h3 Qa5 20. Nxe6 fxe6 21. Be3 Ne5 22. Qd4 Nc6 23. Qb6 Nd7 24. Qxa5 Nxa5 25. Bd4 Bxd4 26. Rxd4 Ne5 27. Rf1 Rhg8 28. Rf2 Rg3 29. Rd1 Rcg8 30. Bf1 Nac4 31. Bxc4 Nxc4 32. Rf7 Re8 33. Rg1 Ne5 34. Rf2 Reg8 35. Ne2 Re3 36. b3 Rxe4 37. g4 Kc7 38. Rg3 Ng6 39. Kc1 Kd7 40. Kd2 Nh4 41. Re3 Rb4 42. c3 Rb5 43. Nd4 Rd5 44. Ke2 e5 45. Nf5 Ng6 46. c4 Rc5 47. Kf1 b5 48. cxb5 axb5 49. Kg2 e6 50. Nh6 Rg7 51. Kg3 Rc1 52. a4 bxa4 53. bxa4 Nf4 54. Rb3 Kc6 55. h4 Ra7 56. g5 Rxa4 57. Ng4 Nh5+ 1/2-1/2

[Event "Canadian op 48th"]
[Site "Toronto"]
[Date "2011.07.13"]
[Round "5"]
[White "Moffat, Andrei"]
[Black "Yoos, John C"]
[Result "1/2-1/2"]
[WhiteElo "2215"]
[BlackElo "2439"]
[PlyCount "65"]
[EventDate "2011.07.09"]
[EventType "swiss"]
[EventRounds "9"]
[EventCountry "CAN"]
[SourceTitle "EXT 2022"]
[Source "ChessBase"]
[SourceDate "2021.10.06"]
[SourceVersion "1"]
[SourceVersionDate "2021.10.06"]
[SourceQuality "1"]

1. Nc3 c5 2. Nf3 Nc6 3. e4 g6 4. d4 cxd4 5. Nxd4 Bg7 6. Be3 Nf6 7. Nxc6 bxc6 8. e5 Ng8 9. Bd4 Qa5 10. Bc4 Bxe5 11. 0-0 Nf6 12. Re1 d6 13. Bxe5 dxe5 14. Qe2 Nd7 15. Rad1 0-0 16. Bb3 Nc5 17. Qxe5 Nxb3 18. cxb3 Qxe5 19. Rxe5 Be6 20. Rc5 Rac8 21. Kf1 f6 22. Rd4 Kf7 23. Ke2 Rc7 24. Nb5 Rb7 25. Nc3 Rc8 26. b4 Rd7 27. Rxd7 Bxd7 28. Ra5 Rc7 29. Kd3 Ke8 30. Kd4 Kd8 31. Na4 Bc8 32. Nc5 e5+ 33. Ke3 1/2-1/2

[Event "Victoria Grand Pacific op 5th"]
[Site "Victoria"]
[Date "2011.04.24"]
[Round "5"]
[White "Yoos, John C"]
[Black "Maisuradze, Nino"]
[Result "0-1"]
[WhiteElo "2382"]
[BlackElo "2296"]
[PlyCount "110"]
[EventDate "2011.04.22"]
[EventType "swiss"]
[EventRounds "6"]
[EventCountry "CAN"]
[SourceTitle "EXT 2014"]
[Source "ChessBase"]
[SourceDate "2013.11.20"]
[SourceVersion "1"]
[SourceVersionDate "2013.11.20"]
[SourceQuality "1"]

1. e4 c5 2. Nf3 Nc6 3. d4 cxd4 4. Nxd4 e5 5. Nb5 d6 6. Be3 Nf6 7. Bg5 Be7 8. Bxf6 gxf6 9. Nd2 a6 10. Nc3 f5 11. Bc4 Nd4 12. 0-0 f4 13. Qh5 0-0 14. Rac1 b5 15. Bd5 Ra7 16. Nb3 Ne6 17. a4 b4 18. Na2 a5 19. c3 Ng7 20. Qd1 Ba6 21. Re1 bxc3 22. Nxc3 Qb6 23. Rc2 Kh8 24. Nd2 Bd3 25. Rc1 Bh4 26. Qf3 Ba6 27. b3 Ne6 28. Nc4 Bxc4 29. Bxc4 Ng5 30. Qe2 Rg8 31. g3 fxg3 32. hxg3 Bxg3 33. Kf1 Nh3 34. Qf3 Qxf2+ 35. Qxf2 Bxf2 36. Red1 Be3 37. Rb1 Bc5 38. Ke2 Ng1+ 39. Kd3 Rg2 40. Rf1 Nh3 41. Bxf7 Nf4+ 42. Rxf4 exf4 43. Be6 Bb4 44. Nd5 f3 45. Rf1 f2 46. Ne3 Rh2 47. Ng4 Rh3+ 48. Ke2 Bc5 49. Nxf2 Rh2 50. Kf3 Rxf2+ 51. Rxf2 Bxf2 52. Kxf2 Kg7 53. Ke3 Kf6 54. Bf5 Ke5 55. Kd3 h5 0-1